Detalles MARC
| 000 -ENCABEZADO |
| Número de control [NR] |
02120 a2200349 4500 |
| 005 - FECHA Y HORA DE LA ÚLTIMA TRANSACCIÓN |
| control field |
20140905144609.0 |
| 008 - DE LONGITUD FIJA DE DATOS DE ELEMENTOS - INFORMACIÓN GENERAL |
| Elementos de longitud fija [NR] |
140227s2009 mx g 0 m mul d |
| 040 ## - FUENTE DE CATALOGACION [NR] |
| Agencia de catalogación original [NR] |
CO-BoUCM |
| Idioma de catalogación [NR] |
spa |
| Quien Cataloga |
Jose A. Gerena (modificó) |
| Quien Clasifica |
[Nuevo] |
| 041 ## - CODIGO DE IDIOMA [R] |
| Código de idioma para texto/pista de sonido o título separado [R] |
Inglés |
| 041 ## - CODIGO DE IDIOMA [R] |
| Código de idioma para texto/pista de sonido o título separado [R] |
Español |
| 092 ## - SIGNATURA TOPOGRAFICA LOCAL |
| Número de clasificación local |
DVD 1313 |
| 245 00 - MENCION DE TITULO [NR] |
| Título [NR] |
Nine |
| Parte restante del título [NR] |
Una vida de pasión |
| Mención de responsabilidad, etc. [NR] |
Rob Marshall, director |
| Medio físico [NR] |
[DVD] |
| 260 ## - PUBLICACION, DISTRIBUCION, ETC. (PIE DE IMPRENTA) [R] |
| Lugar de publicación, distribución, etc. [R] |
México D.F. (México) |
| Nombre del editor, distribuidor, etc. [R] |
Weinstein Company |
| Fecha de publicación, distribución, etc. [R] |
2009 |
| 300 ## - DESCRIPCION FISICA [R] |
| Extensión [R] |
1 DVD, 119 minutos |
| Otros detalles físicos [NR] |
imagen, sonido, color |
| 500 ## - NOTA GENERAL [R] |
| Nota general [NR] |
SINOPSIS: Guido busca desesperadamente respuestas e inspiración de su esposa, su amante, su musa, y su madre. Como su profesión caótica destruye constantemente su vida personal, Guido debe encontrar un equilibrio entre la creación de arte y sucumbir a sus demandas obsesivos |
| 508 ## - NOTA DE CREDITOS DE CREACION/PRODUCCION [R] |
| Nota de créditos de creación/producción [NR] |
CRÉDITOS: Dirigida por Rob Marshall ; guion por Michael Tolkin y Anthony Minghella ; producida por Kelly Carmichael ; música por Andrea Guerra ; fotografía por Dion Beebe ; diseño de producción por John Myhre ; dirección de arte por Simon Lamont ; ambientación por Gordon Sim ; vestuario por Colleen Atwood |
| 511 0# - NOTA DE PARTICIPANTE O INTERPRETE [R] |
| Nota de participante o intérprete [NR] |
REPARTO: Daniel Day-Lewis, Sandro Dori, Nicole Kidman, Marion Cotillard, Penélope Cruz, Judi Dench, Sophia Loren, Kate Hudson, Fergie Duhamel, Ricky Tognazzi |
| 520 ## - NOTA DE RESUMEN, ETC. [R] |
| Nota de sumario, etc. [NR] |
Basada en el musical de Broadway "Nine" |
| 520 ## - NOTA DE RESUMEN, ETC. [R] |
| Nota de sumario, etc. [NR] |
Una adaptación de "The Italian" por Mario Fratti |
| 546 ## - NOTA DE IDIOMA [R] |
| Nota de idioma [NR] |
Audio en inglés, portugués y español. Subtítulos inglés, portugués y español |
| 650 #4 - ASIENTO SECUNDARIO DE MATERIA - TERMINO TEMATICO [R] |
| 9 (RLIN) |
57124 |
| Término temático o nombre geográfico como elemento de entrada [NR] |
Drama en el cine |
| Subdivisión de forma [R] |
DVD |
| 650 #7 - ASIENTO SECUNDARIO DE MATERIA - TERMINO TEMATICO [R] |
| 9 (RLIN) |
51326 |
| Término temático o nombre geográfico como elemento de entrada [NR] |
Películas cinematográficas |
| Subdivisión geográfica [R] |
Estados Unidos |
| Subdivisión de forma [R] |
DVD |
| 650 #7 - ASIENTO SECUNDARIO DE MATERIA - TERMINO TEMATICO [R] |
| 9 (RLIN) |
57074 |
| Término temático o nombre geográfico como elemento de entrada [NR] |
Películas musicales |
| Subdivisión de forma [R] |
DVD |
| 690 ## - ASUNTO AGREGADO LOCAL DE ENTRADA - TÉRMINO TEMÁTICO (OCLC, RLIN) |
| 9 (RLIN) |
42805 |
| Acceso temático local |
Entretenimiento |
| 700 1# - ASIENTO SECUNDARIO - NOMBRE PERSONAL [R] |
| Nombre personal [NR] |
Marshall, Rob |
| Término de relación [R] |
director |
| 9 (RLIN) |
57503 |
| 710 2# - ASIENTO SECUNDARIO - NOMBRE CORPORATIVO [R] |
| Nombre corporativo o de jurisdicción como elemento de entrada [NR] |
Weinstein Company |
| 9 (RLIN) |
57504 |
| 710 2# - ASIENTO SECUNDARIO - NOMBRE CORPORATIVO [R] |
| Nombre corporativo o de jurisdicción como elemento de entrada [NR] |
Relativity Media |
| 9 (RLIN) |
50662 |
| 710 2# - ASIENTO SECUNDARIO - NOMBRE CORPORATIVO [R] |
| Nombre corporativo o de jurisdicción como elemento de entrada [NR] |
Marc Platt Productions |
| 9 (RLIN) |
57505 |
| 765 0# - ASIENTO DE IDIOMA ORIGINAL [R] |
| Título [NR] |
Nine |
| 856 40 - LOCALIZACION Y ACCESO ELECTRONICOS [R] |
| Identificador Uniforme del Recurso (“URI”) [R] |
<a href="https://www.youtube.com/watch?v=cSAmAP_yWpY">https://www.youtube.com/watch?v=cSAmAP_yWpY</a> |
| Nota dirigida al público [R] |
Siga este enlace para ver el trailer |
| -- |
Trailer tomado del canal MOVIECLIPS Classic Trailers vía YouTube.com |
| 942 ## - ELEMENTOS DE ENTRADA AGREGADOS (KOHA) |
| Source of classification or shelving scheme |
LOCAL |
| Tema principal |
Entretenimiento |
| Koha item type |
Multimedia |
| Edition |
1 |
| Classification part |
DVD 1313 |